Statistics for Latest Countries to Abolish Slavery

Click here to take the quiz!

General Stats

  • This quiz has been taken 22 times
  • The average score is 6 of 10

Answer Stats

YearCountry% Correct
1981Mauritania
85%
1962Saudi Arabia
80%
1970Oman
75%
1962Yemen
70%
1949Kuwait
65%
1952Qatar
65%
1964United Arab Emirates
60%
1960Niger
30%
1955Cambodia
20%
1958Bhutan
15%

Score Distribution

Percentile by Number Answered

Percent of People with Each Score

Your Score History

You have not taken this quiz